000
00308nam a2200121Ia 4500
008
190216s9999||||xx |||||||||||||| ||und||
100
_a
Seth M L & Veleyudham S
245
0
_a
Theory And Practice Of Economic Planning
260
_b
S Chand & Co
_c
1987
300
_a
812p
650
_a
Economics
942
_c
BK
999
_c
9798
_d
9798